00521cam a22002171 4500001001300000003000400013005001700017008004100034010001700075035002000092040001800112042001200130050002200142100003400164245002000198260001600218300001900234500001400253500001900267999001700286sa 68007541 DLC20260227112523.0900208s1967 ii 000 1 hino  asa 68007541  a(OCoLC)21021778 aDLCcWaUdDLC apremarc00aPK2098.12.G72bJ51 aAgravāla, Rāmakr̥shṇa.10aJīvana-jyoti. c[1967 or 8] a126 p.c19 cm. aIn Hindi. aShort stories. c81881d81881